• 首页
  • 本馆介绍
  • 公告通知
  • 最新文献
  • 馆藏检索
  • 电子资源
  • 读者导购
  • 参考咨询
  • 我的图书馆
  • 登录
  • 详细信息显示
  • 放入我的书架
  • 预约/预借图书
  • 作者相关作品
  • 分类相关作品
  • 丛书相关作品
  • 出版社相关作品

书目信息

  • 表格格式
  • 工作单格式
  • 卡片格式
题名:
国际象棋入门
    
 
作者: 穆尼奇克 著 ;楼绍火 译
分册:  
出版信息: 北京   中国展望出版社  1987.8
页数: 203页
开本: 19厘米
丛书名:
单 册:
中图分类: G891.1
科图分类:
主题词:
电子资源:
ISBN: 7-5050-0031-4
000 00739nam0 2200241 45
001 0189023379
005 20061103093913.45
010    @a7-5050-0031-4@dCNY1.50
020    @aCN@b89023379
100    @a19910905d1987 m y0chiy0120 ea
101 1  @achi@crus
102    @aCN@b110000
105    @ay z 000yy
200 10 @a国际象棋入门@Aguo ji xiang qi ru men@f(苏)穆尼奇克著@F( su ) mu ni qi ke zhu@g楼绍火译
210    @a北京@c中国展望出版社@d1987.8
215    @a203页@d19厘米
300    @a著者原题:Х·Л·穆尼奇克
540 1  @a国际象棋 入门@Aguo ji xiang qi ru men
690    @aG891.1@v1980
701  0 @a穆尼奇克@Amu ni qi ke@4著
702  0 @a楼绍火@Alou shao huo@4译
801  0 @aCN@bTSSF@c20061103
905    @a10447@dG891.1@e92
    
    国际象棋入门/(苏)穆尼奇克著/楼绍火译.-北京:中国展望出版社,1987.8
    203页;19厘米
    著者原题:Х·Л·穆尼奇克
    
    ISBN 7-5050-0031-4:CNY1.50
    
●
相关链接 在E读中查询图书 在五车中查询图书 在当当中查询图书 在豆瓣中查询图书


正题名:国际象棋入门     索取号:G891.1/92         预约/预借

序号 登录号 条形码 馆藏地/架位号 状态 备注
1 0206752   000305002   第一样本阅览室/ [索取号:G891.1/92] 在馆    
唐山师范学院图书馆 欢迎您!
大连网信软件有限公司© 版权所有